Least Populous State Capitals on a Map - Statistics

General Stats
  • This quiz has been taken 788 times
  • The average score is 8 of 10
Answers on the Map
Answers color-coded by a green-red scale on the quiz's map according to % correct below.
 
Answer Stats
Population State Capital % Correct
29,943 Helena
89%
32,406 Juneau
86%
13,646 Pierre
86%
37,355 Dover
84%
18,705 Augusta
82%
38,856 Annapolis
81%
27,557 Frankfort
81%
7,855 Montpelier
80%
43,132 Jefferson City
76%
42,444 Concord
73%
No matching quizzes found
Score Distribution
Percent of People with Each Score
Percentile by Number Answered
Your Score History
You have not taken this quiz